000 00466nam a22001457a 4500
020 _a9789350531822
082 _a070.41
100 _aJ. David
245 _aBasic elements of news editing
250 _a1st ed
260 _aNew Delhi
_bCybertech publications
_c2014
300 _a293p
942 _cBK
999 _c2684
_d2684